[Event "Norway Chess Open GM 2024"]
[Site "Stavanger NOR"]
[Date "2024.05.29"]
[Round "8.5"]
[White "Papp, Gabor1"]
[Black "Lovik, Lasse Ostebo"]
[Result "1-0"]
[WhiteTitle "GM"]
[BlackTitle "IM"]
[WhiteElo "2553"]
[BlackElo "2367"]
[WhiteFideId "718602"]
[BlackFideId "1505033"]
[EventDate "2024.05.24"]

1. e4 e6 2. d4 d5 3. e5 c5 4. c3 Qb6 5. Nf3 Nc6 6. Bd3 Bd7 7. dxc5 Bxc5 8. O-O
a5 9. Nbd2 a4 10. b4 axb3 11. Nxb3 Be7 12. Re1 Na5 13. Nbd4 Nc4 14. Bxc4 dxc4
15. Nd2 Qc7 16. Qg4 Bf8 17. Qg3 Ra5 18. Ne4 Qxe5 19. Bf4 Qh5 20. Rab1 Bc8 21.
Bg5 e5 22. Nb5 f6 23. Ned6+ Bxd6 24. Nxd6+ Kd7 25. Red1 Kc7 26. Be3 Ra6 27.
Qxg7+ Kb8 28. Rxb7+ 1-0

[Event "Norway Chess Open GM 2024"]
[Site "Stavanger NOR"]
[Date "2024.05.29"]
[Round "8.6"]
[White "Savitha, Shri B"]
[Black "Blomqvist, Erik"]
[Result "1-0"]
[WhiteTitle "WGM"]
[BlackTitle "GM"]
[WhiteElo "2363"]
[BlackElo "2527"]
[WhiteFideId "35061887"]
[BlackFideId "1709437"]
[EventDate "2024.05.24"]

1. e4 e5 2. Nf3 Nc6 3. Bc4 Bc5 4. O-O Nf6 5. d3 d6 6. a4 a5 7. c3 Ba7 8. Bg5 h6
9. Bh4 g5 10. Bg3 O-O 11. Na3 Ne7 12. Nb5 Bb6 13. d4 Nxe4 14. dxe5 d5 15. Ba2 c6
16. Nbd4 Ng6 17. Bb1 g4 18. Bxe4 dxe4 19. Nd2 Bxd4 20. cxd4 Qxd4 21. Qe2 Bf5 22.
Nc4 Qd3 23. Qxd3 exd3 24. Nd6 Be6 25. f4 Bb3 26. f5 Ne7 27. Rf4 h5 28. Bh4 Nd5
29. Rf2 Rfe8 30. Nxe8 Rxe8 31. Re1 Bxa4 32. e6 f6 33. Ra1 b5 34. Ra3 Bc2 35.
Rxa5 Kg7 36. Ra6 c5 37. Rd6 Ne7 38. Rd7 c4 39. Rb7 b4 40. Rxb4 Ra8 41. h3 g3 42.
Bxg3 Nxf5 43. Rxf5 d2 44. Rf1 d1=Q 45. Rxd1 Bxd1 46. Rxc4 Bb3 47. Re4 Bd5 48.
Re2 Bc4 49. Re1 Kf8 50. e7+ Ke8 51. Bd6 Kd7 52. Ba3 Bd5 53. Kf2 Rg8 54. g3 Rc8
55. Ke3 Rg8 56. Kf2 Ke8 57. h4 Kf7 58. Rd1 Bc6 59. Rd8 Be8 60. Rd4 f5 61. Bc5
Rg6 62. Rd5 Rf6 63. b4 Ke6 64. Rd8 Kf7 65. Rd5 Ke6 66. Rd8 Kf7 67. Ke3 Rg6 68.
Bd6 Rg4 69. Rb8 Ke6 70. Rd8 Re4+ 71. Kf2 Kf7 72. Bc5 Rc4 73. Rd5 Kg6 74. Rd4
Rc2+ 75. Ke3 Kf6 76. Rd6+ Kf7 77. Kf4 Rc4+ 78. Kxf5 Rg4 79. Rf6+ Kg7 80. Rf8
Bg6+ 81. Ke5 1-0

[Event "Norway Chess Open GM 2024"]
[Site "Stavanger NOR"]
[Date "2024.05.29"]
[Round "8.7"]
[White "Druska, Juraj"]
[Black "Stanojevic, Ilija"]
[Result "1-0"]
[WhiteTitle "IM"]
[BlackTitle "CM"]
[WhiteElo "2466"]
[BlackElo "2317"]
[WhiteFideId "14915650"]
[BlackFideId "959995"]
[EventDate "2024.05.24"]

1. c4 e6 2. Nc3 d5 3. d4 Nf6 4. Bg5 Be7 5. e3 O-O 6. Nf3 Nbd7 7. Rc1 c5 8. cxd5
Nxd5 9. Bxe7 Nxe7 10. Bb5 cxd4 11. Nxd4 a6 12. Be2 Nf6 13. O-O Bd7 14. Bf3 Rb8
15. Ne4 Nxe4 16. Bxe4 g6 17. Qc2 b5 18. Qc5 Re8 19. Rfd1 Rc8 20. Qa7 Rxc1 21.
Rxc1 e5 22. Nf3 Bf5 23. Bb7 a5 24. h3 f6 25. Ba6 Nd5 26. Qc5 Be6 27. Rd1 Qb6 28.
Rxd5 Qxa6 29. Rd6 Qb7 30. Rb6 Qd7 31. Rxb5 Rc8 32. Qb6 a4 33. Ra5 Rc6 34. Ra8+
Rc8 35. Ra6 Bxh3 36. Qxf6 Qg4 37. Qg5 Rc1+ 38. Kh2 Qxg5 39. Nxg5 Bd7 40. Ra7 Rd1
41. Ne4 Kf8 42. Nf6 Be6 43. Nxh7+ Kg8 44. Nf6+ Kf8 45. Rxa4 Rd2 46. Kg3 Rxb2 47.
a3 Kf7 48. Ng4 Bxg4 49. Rxg4 Ra2 50. Ra4 Kf6 51. Kf3 Kf5 52. Ra5 Rb2 53. g4+ Kf6
54. Ra6+ Kg5 55. Re6 1-0

[Event "Norway Chess Open GM 2024"]
[Site "Stavanger NOR"]
[Date "2024.05.29"]
[Round "8.8"]
[White "Papp, Sarah"]
[Black "Johansson, Linus"]
[Result "1/2-1/2"]
[WhiteTitle "IM"]
[BlackTitle "IM"]
[WhiteElo "2296"]
[BlackElo "2448"]
[WhiteFideId "24606812"]
[BlackFideId "1711113"]
[EventDate "2024.05.24"]

1. e4 c5 2. Nf3 d6 3. d4 cxd4 4. Nxd4 Nf6 5. Nc3 a6 6. h3 e5 7. Nf3 h6 8. Bc4 b5
9. Bd5 Nxd5 10. Qxd5 Ra7 11. Be3 Be6 12. Qd2 Rb7 13. O-O Nd7 14. Rfd1 Qc8 15.
Nd5 Bxd5 16. Qxd5 Nf6 17. Qd3 Be7 18. Nh4 g6 19. Nf3 Kf8 20. Nd2 Kg7 21. c4 Qe6
22. a4 bxc4 23. Nxc4 Rhb8 24. Rac1 Rb4 25. a5 Rb3 26. Rc3 Rxc3 27. bxc3 Rb5 28.
Bb6 d5 29. Ne3 dxe4 30. Qc2 Nd5 31. c4 Nxe3 32. fxe3 Rb4 33. Rc1 Qc6 34. Qc3 f6
35. c5 Rb5 36. Kh2 g5 37. Qc4 f5 38. Rd1 f4 39. Rd5 fxe3 40. Qxe4 e2 41. Rxe5
Qxe4 42. Rxe4 Bxc5 43. Bxc5 Rxc5 44. Rxe2 Rxa5 45. Re6 h5 46. Rb6 Kf7 47. Kg3
Ra3+ 48. Kf2 Ra4 49. g3 Kg7 50. Kg2 Ra5 51. Rc6 Kf7 52. Rb6 Ke7 53. Rh6 g4 54.
hxg4 hxg4 55. Rg6 Ra2+ 56. Kg1 a5 57. Rxg4 Kd6 58. Rg5 a4 59. g4 Kc6 60. Ra5 Kb6
61. Ra8 Kb5 62. Kf1 Kb4 63. g5 Rd2 64. g6 Rd7 65. Rb8+ Kc3 66. Rc8+ Kb2 67. Rb8+
Ka2 68. Kf2 a3 69. Kf3 Ka1 70. Kf4 a2 71. Kf5 Rg7 72. Kf6 Rxg6+ 73. Kxg6 1/2-1/2

[Event "Norway Chess Open GM 2024"]
[Site "Stavanger NOR"]
[Date "2024.05.29"]
[Round "8.9"]
[White "Miezis, Normunds"]
[Black "Skytte, Rasmus"]
[Result "1/2-1/2"]
[WhiteTitle "GM"]
[BlackTitle "IM"]
[WhiteElo "2424"]
[BlackElo "2358"]
[WhiteFideId "11600136"]
[BlackFideId "1404210"]
[EventDate "2024.05.24"]

1. c4 e6 2. e4 d5 3. exd5 exd5 4. d4 Nf6 5. Nc3 Bb4 6. Bd3 dxc4 7. Bxc4 O-O 8.
Bg5 Nbd7 9. Ne2 Nb6 10. Bb3 c6 11. O-O Re8 12. Qd3 Be6 13. Bxe6 Rxe6 14. Nf4 Re8
15. Rae1 Qd6 1/2-1/2

[Event "Norway Chess Open GM 2024"]
[Site "Stavanger NOR"]
[Date "2024.05.29"]
[Round "8.10"]
[White "Tomaszewski, Kacper"]
[Black "Shehzad, Shazil"]
[Result "1-0"]
[WhiteTitle "FM"]
[BlackTitle "FM"]
[WhiteElo "2300"]
[BlackElo "2314"]
[WhiteFideId "1127373"]
[BlackFideId "1521942"]
[EventDate "2024.05.24"]

1. d4 Nf6 2. Nf3 d5 3. c4 e6 4. Nc3 c6 5. e3 Nbd7 6. Qc2 Bd6 7. Be2 O-O 8. O-O
dxc4 9. Bxc4 b5 10. Bd3 Bb7 11. h3 Re8 12. Ng5 h6 13. Nge4 Bf8 14. Rd1 Rc8 15.
Nc5 Qc7 16. b4 e5 17. Bb2 Nxc5 18. dxc5 a5 19. a3 Rcd8 20. Be2 e4 21. Rxd8 Qxd8
22. Rd1 Qe7 23. Qb1 axb4 24. axb4 Bc8 25. Rd6 Qc7 26. Rxf6 gxf6 27. Nxe4 Bg7 28.
Nxf6+ Bxf6 29. Bxf6 Qd7 30. Qb2 Qf5 31. Qd4 Qe4 32. Qd6 Re6 33. Qd8+ Re8 34. Qc7
Bf5 35. Bf3 Qe6 36. Qg3+ Bg6 37. Qf4 Kh7 38. Bd4 Qf5 39. Qxf5 Bxf5 40. Bxc6 Rc8
41. Bxb5 Rb8 42. Bc4 Be6 43. Bd3+ 1-0

[Event "Norway Chess Open GM 2024"]
[Site "Stavanger NOR"]
[Date "2024.05.29"]
[Round "8.11"]
[White "Riisem, Oyvind"]
[Black "Elsness, Frode"]
[Result "0-1"]
[BlackTitle "IM"]
[WhiteElo "2203"]
[BlackElo "2425"]
[WhiteFideId "1504673"]
[BlackFideId "1501100"]
[EventDate "2024.05.24"]

1. d4 Nf6 2. c4 e6 3. Nc3 Bb4 4. f3 c5 5. d5 d6 6. e4 b5 7. Bd2 a6 8. Nge2 bxc4
9. Nf4 g5 10. Nfe2 exd5 11. exd5 Nfd7 12. Ne4 Ne5 13. N2c3 h6 14. f4 gxf4 15.
Bxf4 Qe7 16. Kd2 Bf5 17. Nxd6+ Qxd6 18. Qh5 Qxd5+ 19. Kc1 Qe6 20. g4 Ng6 21.
gxf5 Nxf4 22. Qf3 Qc6 23. Qxf4 Qxh1 24. Ne4 Nc6 25. Nf6+ Ke7 26. Ne4 Rad8 27.
Qc7+ Kf8 0-1

[Event "Norway Chess Open GM 2024"]
[Site "Stavanger NOR"]
[Date "2024.05.29"]
[Round "8.12"]
[White "Fiskaaen, Martin Holten"]
[Black "Pourkashiyan, Atousa"]
[Result "0-1"]
[BlackTitle "WGM"]
[WhiteElo "2116"]
[BlackElo "2272"]
[WhiteFideId "1550233"]
[BlackFideId "12502014"]
[EventDate "2024.05.24"]

1. d4 Nf6 2. c4 e6 3. Nf3 d5 4. g3 Bb4+ 5. Bd2 Be7 6. Bg2 Ne4 7. O-O c6 8. Nc3
f5 9. Qc2 Nd7 10. Rad1 Nxd2 11. Rxd2 O-O 12. e3 Bd6 13. Ne2 g5 14. Nc1 g4 15.
Ne1 Nf6 16. Ncd3 Ne4 17. Rd1 Qg5 18. Nf4 Bd7 19. Ned3 Rae8 20. b4 h5 21. Ne5
Bxe5 22. dxe5 Rf7 23. a4 h4 24. Rc1 Rh7 25. Rfd1 Qg7 26. Qb2 Ng5 27. Kf1 Nf3 28.
Bxf3 gxf3 29. Ke1 hxg3 30. hxg3 Rh2 31. Nd3 b6 32. c5 Re7 33. Qd4 Be8 34. Kd2
bxc5 35. bxc5 Rb7 36. Rh1 Qxg3 37. Rcg1 Rg2 38. Rb1 Rxf2+ 39. Nxf2 Qxf2+ 40. Kc3
Rxb1 41. Rxb1 Qa2 42. Rb2 Qa3+ 43. Kd2 Qa1 44. Rb8 Qa2+ 45. Qb2 Qc4 46. Rxe8+
Kf7 47. Qb7+ Kxe8 48. Qc8+ Kf7 49. Qd7+ Kg6 50. Qxe6+ Kg5 51. Qf6+ Kg4 52. Qg6+
Kh4 53. Qh7+ Kg3 54. Qg6+ Qg4 55. Qxg4+ fxg4 56. e6 f2 57. e7 f1=Q 58. e8=Q Qf2+
59. Kd3 Qf5+ 60. Kd2 Qf6 61. Qb8+ Kf2 62. Qh2+ Kf3 63. Qh1+ Kg3 64. Qg1+ Kh4 65.
Qh2+ Kg5 66. Qc7 a6 67. a5 d4 68. Kd3 dxe3 69. Kxe3 Qf3+ 70. Kd2 Qf4+ 71. Qxf4+
Kxf4 0-1

[Event "Norway Chess Open GM 2024"]
[Site "Stavanger NOR"]
[Date "2024.05.29"]
[Round "8.13"]
[White "Bezo, Stefan"]
[Black "Frederic, Clement"]
[Result "0-1"]
[WhiteElo "2065"]
[BlackElo "2251"]
[WhiteFideId "14907682"]
[BlackFideId "637319"]
[EventDate "2024.05.24"]

1. e4 e6 2. d4 d5 3. Nd2 Nf6 4. e5 Nfd7 5. Bd3 c5 6. c3 Nc6 7. Ngf3 g5 8. h3 h5
9. Bc2 b6 10. Nb3 Be7 11. Be3 a5 12. a4 Ba6 13. Qd2 Rg8 14. g4 cxd4 15. Bxd4 Rh8
16. O-O-O b5 17. axb5 Bxb5 18. Qe3 a4 19. Nc5 Nxd4 20. cxd4 Nxc5 21. dxc5 Qc7
22. Nxg5 Bxc5 23. Qf4 a3 24. b4 Bf8 25. Kb1 Bh6 26. Qf6 Rf8 27. Nxe6 Qc3 28.
Nc7+ Qxc7 29. e6 Qe7 30. exf7+ Rxf7 31. Qh8+ Bf8 32. Qd4 a2+ 33. Ka1 Bg7 34.
Qxg7 Rxg7 35. Rhe1 Be2 0-1

[Event "Norway Chess Open GM 2024"]
[Site "Stavanger NOR"]
[Date "2024.05.29"]
[Round "8.14"]
[White "Martin, Nils"]
[Black "Ostensen, Nicolai Maxime"]
[Result "1/2-1/2"]
[BlackTitle "FM"]
[WhiteElo "2057"]
[BlackElo "2234"]
[WhiteFideId "45160473"]
[BlackFideId "1546970"]
[EventDate "2024.05.24"]

1. e4 c5 2. Nf3 Nc6 3. d4 cxd4 4. Nxd4 e5 5. Nb5 d6 6. c4 Be6 7. N1c3 a6 8. Na3
g6 9. Bd3 Bg7 10. O-O Nf6 11. Nc2 O-O 12. Nd5 Nd7 13. Nce3 Rc8 14. b3 Nd4 15.
Bb2 h5 16. Rc1 h4 17. h3 Nf6 18. Nxf6+ Bxf6 19. Nd5 Bg7 20. Bb1 Bxd5 21. exd5
Qf6 22. Qd3 Rfe8 23. Rce1 Qd8 24. Kh1 f5 25. Qd2 Qf6 26. Bxd4 exd4 27. Bd3 Bf8
28. Qb4 Qf7 29. Kg1 Re5 30. Qb6 Rce8 31. Rd1 Qe7 32. Qxd4 Qd8 33. Qc3 b6 34.
Rfe1 Bg7 35. Rxe5 Bxe5 36. Qd2 Kg7 37. Re1 Qf6 38. Qd1 Qg5 39. Qc1 Qxc1 40. Rxc1
a5 41. Kf1 Bb2 42. Rc2 Bd4 43. Re2 Re5 44. Rxe5 Bxe5 45. Ke2 Kf6 46. Ke3 g5 47.
Be2 Bb2 48. Bh5 Ke5 49. Kd3 Bd4 50. f4+ gxf4 51. Bd1 Bc5 52. Bf3 1/2-1/2

[Event "Norway Chess Open GM 2024"]
[Site "Stavanger NOR"]
[Date "2024.05.29"]
[Round "8.15"]
[White "Torfoss, Sivert Schanche"]
[Black "Eliseev, Sergey"]
[Result "0-1"]
[WhiteElo "2059"]
[BlackElo "2292"]
[WhiteFideId "1542761"]
[BlackFideId "1534734"]
[EventDate "2024.05.24"]

1. d4 d5 2. Nf3 Nf6 3. g3 Bf5 4. Bg2 e6 5. c4 c6 6. Nc3 h6 7. Qb3 Qb6 8. c5 Qxb3
9. axb3 Be7 10. b4 O-O 11. b5 cxb5 12. Nxb5 Nc6 13. O-O a6 14. Nc3 Nd7 15. Re1
b6 16. e4 dxe4 17. Nxe4 Nb4 18. Re2 bxc5 19. dxc5 Nxc5 20. Nxc5 Bxc5 21. Ne5
Rad8 22. Be3 Bxe3 23. fxe3 Bd3 24. Rd2 Bb5 25. Rad1 Rxd2 26. Rxd2 Rc8 27. h4 Kf8
28. Kh2 Rc5 29. Nf3 Ke7 30. Nd4 Bd7 31. Bb7 e5 32. Ne2 Bc6 33. Bxc6 Rxc6 34. Nc3
Rd6 35. Re2 Ke6 36. g4 Nd3 37. Rd2 Nc5 38. Re2 Nb3 39. e4 Rd2 40. Rxd2 Nxd2 41.
b4 Nf3+ 42. Kg3 Ne1 43. b5 axb5 44. Nxb5 Nc2 45. Nc7+ Kd7 46. Nd5 Kd6 47. h5 f6
48. Nb6 Kc6 49. Nc8 Nd4 50. Ne7+ Kd6 51. Ng6 Kc5 52. Kf2 Kc4 53. Ke3 Kc3 54. Ne7
Nc2+ 55. Ke2 Kd4 56. Kf3 Kd3 57. Kg3 Nd4 58. g5 fxg5 0-1

[Event "Norway Chess Open GM 2024"]
[Site "Stavanger NOR"]
[Date "2024.05.29"]
[Round "8.16"]
[White "Gasland, Lukas Dominik"]
[Black "Uritsky, Yonathan"]
[Result "1/2-1/2"]
[BlackTitle "CM"]
[WhiteElo "2063"]
[BlackElo "2185"]
[WhiteFideId "1557882"]
[BlackFideId "2825651"]
[EventDate "2024.05.24"]

1. d4 Nf6 2. c4 e6 3. Nf3 Bb4+ 4. Bd2 a5 5. g3 b6 6. Bg2 Bb7 7. O-O O-O 8. a3
Be7 9. Nc3 d5 10. Ne5 Nbd7 11. cxd5 Nxe5 12. dxe5 Nxd5 13. Qb3 Nxc3 14. Bxc3
Bxg2 15. Kxg2 Qd7 16. Rfd1 Qc6+ 17. f3 Rfd8 18. Rxd8+ Rxd8 19. Rd1 Rxd1 20. Qxd1
Qb5 21. Qd3 Qxd3 22. exd3 Kf8 23. f4 Ke8 24. Kf3 Kd7 25. Ke4 Kc6 26. a4 h5 27.
h3 b5 1/2-1/2

[Event "Norway Chess Open GM 2024"]
[Site "Stavanger NOR"]
[Date "2024.05.29"]
[Round "8.17"]
[White "Grotnes, Nils Ragnar"]
[Black "Klings, Peter"]
[Result "1/2-1/2"]
[WhiteTitle "FM"]
[WhiteElo "2149"]
[BlackElo "1992"]
[WhiteFideId "1500317"]
[BlackFideId "4631234"]
[EventDate "2024.05.24"]

1. d4 Nf6 2. c4 e6 3. Nc3 Bb4 4. e3 O-O 5. Ne2 Re8 6. a3 Bf8 7. e4 d5 8. e5 Nfd7
9. c5 b6 10. b4 a5 11. Be3 axb4 12. axb4 Rxa1 13. Qxa1 Nc6 14. Qa4 Bb7 15. b5
Ncxe5 16. c6 Nd3+ 17. Kd2 Nb2 18. Qa2 Nc4+ 19. Kd1 Bc8 20. cxd7 Bxd7 21. Nc1 e5
22. Bxc4 exd4 23. Bxd4 dxc4 24. Qxc4 Be6 25. Qd3 Qa8 26. N1e2 Rd8 27. Kc2 c5 28.
bxc6 Qxc6 29. Qb5 Qxg2 30. Rg1 Qxh2 31. Qg5 Rxd4 32. Nxd4 Qxf2+ 33. Nce2 1/2-1/2

[Event "Norway Chess Open GM 2024"]
[Site "Stavanger NOR"]
[Date "2024.05.29"]
[Round "8.18"]
[White "Azikri, Gur"]
[Black "Dammann, Jorn"]
[Result "0-1"]
[WhiteElo "1948"]
[BlackElo "1953"]
[WhiteFideId "2812738"]
[BlackFideId "30937124"]
[EventDate "2024.05.24"]

1. c4 e6 2. Nf3 d5 3. d4 Nf6 4. Bg5 Be7 5. e3 O-O 6. Qc2 h6 7. Bxf6 Bxf6 8. h4
Nc6 9. g4 Be7 10. g5 h5 11. c5 e5 12. dxe5 Bg4 13. Nbd2 d4 14. a3 dxe3 15. fxe3
Qd5 16. e4 Qxc5 17. Qxc5 Bxc5 18. Rc1 Bb6 19. Bb5 Ne7 20. Be2 Ng6 21. Nc4 c6 22.
Nxb6 axb6 23. Rd1 Nf4 24. Kf2 Nxe2 25. Kxe2 Ra5 26. Ke3 g6 27. Rd4 Re8 28. Nd2
Raxe5 29. Nc4 R5e6 30. Nd6 c5 31. Rd5 R8e7 32. Kf4 f6 33. Re1 Rd7 34. Ne8 Rxd5
35. Nxf6+ Rxf6+ 36. gxf6 Rd2 37. e5 Kf7 38. b4 Rd4+ 39. Kg5 c4 40. a4 c3 41. Rc1
Rc4 42. a5 bxa5 43. bxa5 c2 44. Kh6 Bf5 45. Kg5 Rc5 0-1

[Event "Norway Chess Open GM 2024"]
[Site "Stavanger NOR"]
[Date "2024.05.29"]
[Round "8.19"]
[White "Bech, Havard Eriksen"]
[Black "Bjerke, Richard"]
[Result "0-1"]
[BlackTitle "FM"]
[WhiteElo "1898"]
[BlackElo "2044"]
[WhiteFideId "1564684"]
[BlackFideId "1500252"]
[EventDate "2024.05.24"]

1. d4 e6 2. c4 d5 3. Nf3 Nf6 4. Nc3 a6 5. c5 b6 6. cxb6 cxb6 7. Bf4 Be7 8. e3
O-O 9. Bd3 b5 10. O-O Bb7 11. Rc1 Nc6 12. Ne5 Rc8 13. Qf3 b4 14. Ne2 Nxe5 15.
dxe5 Ne4 16. Rxc8 Qxc8 17. Rc1 Qd7 18. Nd4 Rc8 19. Qd1 Nc5 20. Bc2 a5 21. Bg3
Ba6 22. f4 Ne4 23. Be1 Rc5 24. Nb3 Qb5 25. Bh4 Bxh4 26. Nxc5 Qxc5 27. Qd4 Qxd4
28. exd4 Bf2+ 29. Kh1 Be3 30. Re1 Nf2+ 31. Kg1 Bxd4 0-1

[Event "Norway Chess Open GM 2024"]
[Site "Stavanger NOR"]
[Date "2024.05.29"]
[Round "8.20"]
[White "Bekmukhanov, Sauran"]
[Black "Hestholm, Gustav"]
[Result "0-1"]
[WhiteElo "1844"]
[BlackElo "2041"]
[WhiteFideId "1472844"]
[BlackFideId "1529153"]
[EventDate "2024.05.24"]

1. e4 c5 2. Nf3 d6 3. d4 cxd4 4. Nxd4 Nf6 5. Nc3 Nc6 6. Be2 e5 7. Nf3 Be6 8. O-O
Be7 9. h3 d5 10. Bb5 d4 11. Nxe5 dxc3 12. Nxc6 bxc6 13. Bxc6+ Nd7 14. Bxa8 Qxa8
15. Re1 Bf6 16. b3 O-O 17. f4 Rd8 18. Qf3 Nc5 19. f5 Bc8 20. Bf4 Bb7 21. Qg4
Bxe4 22. b4 Na6 23. Be5 Bxe5 24. Rxe4 Qd5 25. Rae1 f6 26. a3 Nc7 27. Qh5 Qf7 28.
Qf3 Nb5 29. Qf1 Nxa3 30. Qf2 Nb5 31. Qh4 Rd2 32. Rc4 Nd6 33. Rc6 Qd5 34. Rxe5
Qxg2# 0-1

[Event "Norway Chess Open GM 2024"]
[Site "Stavanger NOR"]
[Date "2024.05.29"]
[Round "8.21"]
[White "Myagmarsuren, Evsuld"]
[Black "Lilliehook, Victor"]
[Result "1-0"]
[WhiteTitle "CM"]
[WhiteElo "2016"]
[BlackElo "1928"]
[WhiteFideId "1551639"]
[BlackFideId "1752103"]
[EventDate "2024.05.24"]

1. e4 c5 2. Nf3 Nc6 3. d4 cxd4 4. Nxd4 Nf6 5. Nc3 e5 6. Ndb5 d6 7. Nd5 Nxd5 8.
exd5 Nb8 9. a4 a6 10. Na3 Nd7 11. Nc4 b6 12. Be2 Be7 13. O-O O-O 14. Ra3 f5 15.
f4 e4 16. Be3 a5 17. Qd2 Nc5 18. b4 Nd7 19. Rb1 Ba6 20. bxa5 Bxc4 21. Bxc4 bxa5
22. Bb5 Nc5 23. Bc6 Rb8 24. Rb5 Bf6 25. Kf1 Qc7 26. Qxa5 Qxa5 27. Rxa5 Rb1+ 28.
Ke2 Rb2 29. Kd2 Nd3 30. Rb3 Ra2 31. Ra7 Nb2 32. Bb5 Rc8 33. a5 Rxc2+ 34. Kxc2
Nd3+ 35. Kd1 Ra1+ 36. Bc1 Rxc1+ 37. Kd2 Bd4 38. Ra8+ Kf7 39. Bxd3 Ra1 40. Bb1 g5
41. Rb7+ Kg6 42. fxg5 Kxg5 43. a6 Kf4 44. a7 1-0

[Event "Norway Chess Open GM 2024"]
[Site "Stavanger NOR"]
[Date "2024.05.29"]
[Round "8.22"]
[White "Saveljevs, Aleksandrs"]
[Black "Skytte, Robert"]
[Result "1-0"]
[WhiteElo "1987"]
[BlackElo "1918"]
[WhiteFideId "11601779"]
[BlackFideId "1471775"]
[EventDate "2024.05.24"]

1. e4 c6 2. d4 d5 3. f3 Qb6 4. Nc3 dxe4 5. fxe4 e5 6. Nf3 exd4 7. Nxd4 h5 8. Be2
Bg4 9. Bxg4 hxg4 10. Qd3 Nd7 11. Bf4 Nc5 12. Qc4 Qa6 13. Qxa6 Nxa6 14. O-O-O
O-O-O 15. Nf5 Nf6 16. Rxd8+ Kxd8 17. Bg5 Be7 18. Nxe7 Nh7 19. Ng6+ Nxg5 20. Nxh8
Ke8 1-0

[Event "Norway Chess Open GM 2024"]
[Site "Stavanger NOR"]
[Date "2024.05.29"]
[Round "8.23"]
[White "Mihaila, Radu Stefan"]
[Black "Cornileau, Juliette"]
[Result "0-1"]
[BlackTitle "WFM"]
[WhiteElo "1835"]
[BlackElo "1986"]
[WhiteFideId "2852638"]
[BlackFideId "36083372"]
[EventDate "2024.05.24"]

1. e4 e5 2. Nf3 Nc6 3. Bc4 Bc5 4. c3 Nf6 5. d4 exd4 6. cxd4 Bb4+ 7. Nc3 Nxe4 8.
O-O Bxc3 9. d5 Bf6 10. Re1 O-O 11. Rxe4 Ne7 12. d6 cxd6 13. Qxd6 Nf5 14. Qd5 Ne7
15. Qd6 Nf5 16. Qd5 d6 17. Bf4 Kh8 18. Rd1 Be6 19. Rxe6 fxe6 20. Qxe6 Nh4 21.
Nxh4 Bxh4 22. g3 Be7 23. Rd5 Bf6 24. Bxd6 Qc8 25. Qe4 Re8 26. Qc2 Qh3 27. Be2
Rac8 28. Bc5 Qe6 29. Rh5 h6 30. Bf3 b6 31. Bd5 Rxc5 32. Qg6 Rxd5 33. Rxd5 0-1

[Event "Norway Chess Open GM 2024"]
[Site "Stavanger NOR"]
[Date "2024.05.29"]
[Round "8.24"]
[White "Vasilijevic, Vili"]
[Black "Jeyanth, R"]
[Result "1-0"]
[WhiteElo "1980"]
[BlackElo "1808"]
[WhiteFideId "14547104"]
[BlackFideId "25618750"]
[EventDate "2024.05.24"]

1. d4 Nf6 2. c4 e6 3. Nc3 Bb4 4. Nf3 d5 5. e3 O-O 6. Bd3 b6 7. O-O Ba6 8. cxd5
exd5 9. Bxa6 Nxa6 10. Ne5 c5 11. Ne2 c4 12. Ng3 Bd6 13. Nf5 Qc7 14. Ng4 Be7 15.
Qf3 Nxg4 16. Qxg4 Bf6 17. e4 dxe4 18. Bh6 g6 19. Bxf8 Kxf8 20. Ne3 Bxd4 21. Qxe4
Rd8 22. Rad1 Nc5 23. Qh4 Ne6 24. Rd2 Bxe3 25. Rxd8+ Qxd8 26. Qxd8+ Nxd8 27. fxe3
Nc6 28. Rd1 Ke7 29. Kf2 Nb4 30. Ke2 Nd3 31. b3 b5 32. bxc4 bxc4 33. Rb1 Ke6 34.
Rb7 Nc1+ 35. Kd2 Nxa2 36. Rxa7 Nb4 37. Ra4 Nd5 38. Rxc4 Ke5 39. Kd3 f5 40. g3 g5
41. g4 fxg4 42. Rxg4 h6 43. h3 Nf6 44. Ra4 Kf5 45. Ra5+ Kg6 46. Ra6 Kf5 47. e4+
Ke5 48. Ra5+ Ke6 49. Kd4 Ng8 50. Ra6+ Kf7 51. Ke5 Kg7 52. Re6 Kf7 53. Kf5 h5 54.
Ra6 g4 55. hxg4 hxg4 56. Kxg4 Nf6+ 57. Kf5 Nh5 58. Ra7+ Ke8 59. e5 Kf8 60. Ke6
Nf4+ 61. Kd6 Ng6 62. e6 Kg8 63. Ra8+ Kg7 64. e7 1-0

[Event "Norway Chess Open GM 2024"]
[Site "Stavanger NOR"]
[Date "2024.05.29"]
[Round "8.25"]
[White "Stevens, Christian FRA"]
[Black "Cornileau, Raphael"]
[Result "1-0"]
[WhiteElo "1936"]
[BlackElo "1784"]
[WhiteFideId "649090"]
[BlackFideId "45105790"]
[EventDate "2024.05.24"]

1. c4 e6 2. g3 Nf6 3. Bg2 d5 4. cxd5 exd5 5. Nf3 Bd6 6. O-O O-O 7. d3 h6 8. Nc3
Nbd7 9. Bd2 Re8 10. Nb5 Bf8 11. Bf4 Nh5 12. Bxc7 Qf6 13. Qd2 Bc5 14. Ba5 b6 15.
Bc3 Qc6 16. a4 Bb7 17. b4 Bf8 18. Nfd4 Qc8 19. Rac1 Qb8 20. Bb2 Rc8 21. Rxc8
Qxc8 22. Rc1 Qd8 23. Nc6 Bxc6 24. Rxc6 a6 25. Nd4 Ne5 26. Rc2 Nf6 27. Nc6 Nxc6
28. Rxc6 Be7 29. Qe3 Rb8 30. Qd4 Ne8 31. Qxd5 Qxd5 32. Bxd5 Bxb4 33. Be5 Rb7 34.
Bd4 Rd7 35. e4 Nc7 36. Rxb6 Ba5 37. Rb8+ Kh7 38. Rb7 Rd8 39. Bc3 1-0

[Event "Norway Chess Open GM 2024"]
[Site "Stavanger NOR"]
[Date "2024.05.29"]
[Round "8.26"]
[White "Derlich, Sarah Sima"]
[Black "Haugen, Lars Tormod"]
[Result "0-1"]
[WhiteElo "1945"]
[BlackElo "1961"]
[WhiteFideId "1469290"]
[BlackFideId "1559966"]
[EventDate "2024.05.24"]

1. e4 c5 2. Nf3 g6 3. c3 d5 4. exd5 Qxd5 5. d4 Bg7 6. Na3 cxd4 7. Nb5 Na6 8.
Nbxd4 Nf6 9. Bb5+ Bd7 10. Bxd7+ Nxd7 11. O-O O-O 12. Be3 Nb6 13. Nb3 Rfd8 14.
Bxb6 axb6 15. Qe2 Bf6 16. Rad1 Qc6 17. Nfd4 Qa4 18. f4 Nc5 19. Nxc5 bxc5 20. Nb3
Qxa2 21. Nxc5 Rxd1 22. Rxd1 Bxc3 23. Qxe7 Qxb2 24. Qxb7 Bd4+ 25. Kh1 Ra1 26.
Qc8+ Kg7 27. Ne6+ fxe6 28. Qd7+ 0-1